000 00389nam a22001697a 4500
999 _c524228
_d524228
003 NUST
020 _a978--93-325-3509-1
038 _aFaiza
082 _a515
_bSAF
100 _aSaff,Edward B
_98527
245 _aFundametals of Complex Analysis /
_cEdward B.Saff /
250 _a3rd
260 _aIndia :
_bPearson ,
300 _a518p. ;
500 _aPapercover
942 _2ddc
_cBK